Pokémon - Les attaques de Farfuret - Statistiques

Statistiques générales
  • Ce quiz a été pris 13 fois
  • Le résultat moyen est 9 sur 12
Statistiques - réponses
Niveaux Types Noms des attaques % Correct
Départ Normal Griffe
100%
Niveau 18 Acier Griffe Acier
100%
Niveau 60 Normal Tranche
88%
Niveau 30 Normal Combo-Griffe
75%
Départ Normal Groz'Yeux
75%
Niveau 24 Glace Vent Glace
75%
Niveau 36 Ténèbres Aiguisage
63%
Niveau 42 Ténèbres Baston
63%
Niveau 48 Psy Hâte
63%
Niveau 12 Normal Vive-Attaque
63%
Niveau 6 Ténèbres Provoc
50%
Niveau 54 Normal Grincement
38%
Aucun quiz correspondant
Distribution des résultats
% des personnes avec chaque résultat
Percentile par nombre de réponses
Votre historique - résultats
Vous n’avez pas pris ce quiz